000 00278nam a22001337a 4500
008 170529b xxu||||| |||| 00| 0 eng d
020 _a0262130912
041 _aeng
080 _a621.38
100 _a27
101 _aIM
245 _aENERGY
_cMACRAKIS, M.S
942 _2udc
_cBK
999 _c14858
_d14858